000 00332nam a2200169Ia 4500
100 _aGargenta/Marko
650 _aAndroid
942 _cBK
366 _f25
654 _aandroid
245 _aLearning Android
260 _bSPD
_c2011
082 _a5.133
_bGAR
300 _a245
546 _aENGLISH
_cComputers
999 _c28344
_d28344